Normal view MARC view

Entry Geographic Name

Number of records used in: 1

001 - CONTROL NUMBER

  • control field: 35392

003 - CONTROL NUMBER IDENTIFIER

  • control field: MY-SjTCS

005 - DATE AND TIME OF LATEST TRANSACTION

  • control field: 20191205122847.0

008 - FIXED-LENGTH DATA ELEMENTS

  • fixed length control field: 090828 n a| ||bab| n a|a d

039 #9 -

  • : 200908281418
  • : shuhada

040 ## - CATALOGING SOURCE

  • Original cataloging agency: MY-SjTCS
  • Transcribing agency: MY-SjTCS

151 ## - HEADING--GEOGRAPHIC NAME

  • Geographic name: Indonesia
  • General subdivision: History
  • Chronological subdivision: 1798-1942.

999 ## -

  • : VIRTUA40 y

999 ## -

  • : VTLSSORT0080*1510*9991